| 000 | 01270nam a22002897a 4500 | ||
|---|---|---|---|
| 001 | 8796 | ||
| 003 | FISKH | ||
| 005 | 20251021111032.0 | ||
| 008 | 251021b cb ||||| |||| 00| 0 eng d | ||
| 020 | _a9780194791106 | ||
| 040 |
_aFISKH _beng _cFISKH _dFISKH |
||
| 050 | _aPE1122.B85 C35 | ||
| 082 | _a428.6 | ||
| 100 | _aLondon, Jack | ||
| 245 |
_aThe call of the wild / _cRetold by Jack London and Nick Bullard ; Illustrated b Paul Fisher Johnson |
||
| 260 |
_aOxford : _bOxford University Press , _c2008. |
||
| 300 |
_a72 pages : _billustrations ; _c20 cm . |
||
| 490 | _aOxford Bookworms | ||
| 505 | _aZ | ||
| 520 | _aWhen men find gold in the frozen North of Canada, they need dogs - big, strong dogs to pull the sledges on the long journeys to and from the gold mines. Buck is stolen from his home in the South and sold as a sledge-dog. He has to learn a new way of life - how to work in harness, how to stay alive in the ice and the snow and how to fight. Because when a dog falls down in a fight, he never gets up again. | ||
| 521 | 8 |
_a1120
_bLexile estimate |
|
| 521 | 8 |
_aZ
_bRAz-Plus |
|
| 650 |
_aDog sledding _vChapter Book - Classics |
||
| 700 |
_aJohnson, Paul Fisher _eIllustrator |
||
| 942 |
_2ddc _cBK _n0 |
||
| 999 |
_c8796 _d8796 |
||